<?xml version="1.0" encoding="UTF-8"?>
<collection xmlns="http://www.loc.gov/MARC21/slim">
 <record>
  <leader>02332naa a2200265 i 4500</leader>
  <controlfield tag="001">acta85994</controlfield>
  <controlfield tag="005">20241126094612.0</controlfield>
  <controlfield tag="008">241126s2024    hu      o     100   hun d</controlfield>
  <datafield tag="020" ind1=" " ind2=" ">
   <subfield code="a">978-963-306-987-5</subfield>
  </datafield>
  <datafield tag="040" ind1=" " ind2=" ">
   <subfield code="a">SZTE Egyetemi Kiadványok Repozitórium</subfield>
   <subfield code="b">hun</subfield>
  </datafield>
  <datafield tag="041" ind1=" " ind2=" ">
   <subfield code="a">hun</subfield>
  </datafield>
  <datafield tag="041" ind1=" " ind2=" ">
   <subfield code="a">eng</subfield>
  </datafield>
  <datafield tag="100" ind1="1" ind2=" ">
   <subfield code="a">Major Adrienn</subfield>
  </datafield>
  <datafield tag="245" ind1="1" ind2="0">
   <subfield code="a">Csoportos tanácsadás és kortárssegítés lehetőségei egy szakmaközi együttműködésben az SZTE EÉTK és ETSZK Mentorprogram támogatásával = Chances of group counseling and peer helping in an interdisciplinary collaboration supported by SZTE EÉTK and ETSZK Mentor Program</subfield>
   <subfield code="h">[elektronikus dokumentum] /</subfield>
   <subfield code="c"> Major Adrienn</subfield>
  </datafield>
  <datafield tag="260" ind1=" " ind2=" ">
   <subfield code="a">Szegedi Tudományegyetem, Egyetemi Életvezetési Tanácsadó Központ</subfield>
   <subfield code="b">Szeged</subfield>
   <subfield code="c">2024</subfield>
  </datafield>
  <datafield tag="300" ind1=" " ind2=" ">
   <subfield code="a">45-52</subfield>
  </datafield>
  <datafield tag="490" ind1="0" ind2=" ">
   <subfield code="a">Életvezetési tanácsadás legfelsőbb fokon : 30 éves az Egyetemi Életvezetési Tanácsadó Központ</subfield>
  </datafield>
  <datafield tag="520" ind1="3" ind2=" ">
   <subfield code="a">A középiskolát végző és egyetemet kezdő fiatalok életkori sajátosságai, fejlődési kihívásai hasonlóak. A normatív krízisekkel való megküzdésben a társas támogatás igénybevételének elősegítése kortárs segítő és csoportos tanácsadási módszerekkel is lehetséges. A középiskolásokkal és felsőoktatást kezdőkkel kortárssegítők által végzett tréningfolyamat révén csökkent a résztvevők észlelt stressz és szorongásszintje. The transition from high school to university involves similar developmental characteristics and challenges for young people. To help them effectively in order to use social support during this time, peer support and group counseling methods can be beneficial. Our research shows that training programs led by peer helpers can emerge lower perceived stress and anxiety levels, demonstrating the importance of peer relationships in coping.</subfield>
  </datafield>
  <datafield tag="650" ind1=" " ind2="4">
   <subfield code="a">Társadalomtudományok</subfield>
  </datafield>
  <datafield tag="650" ind1=" " ind2="4">
   <subfield code="a">Pszichológia</subfield>
  </datafield>
  <datafield tag="695" ind1=" " ind2=" ">
   <subfield code="a">Egészségfejlesztés, Stressz, Mentálhigiéné - ifjúság, Pszichológiai tanácsadás - felsőoktatás</subfield>
  </datafield>
  <datafield tag="700" ind1="0" ind2="1">
   <subfield code="a">Joó Gabriella</subfield>
   <subfield code="e">aut</subfield>
  </datafield>
  <datafield tag="700" ind1="0" ind2="1">
   <subfield code="a">Tóth Erika</subfield>
   <subfield code="e">aut</subfield>
  </datafield>
  <datafield tag="711" ind1=" " ind2=" ">
   <subfield code="a">Életvezetési tanácsadás legfelsőbb fokon : 30 éves az Egyetemi Életvezetési Tanácsadó Központ</subfield>
   <subfield code="c">Szeged</subfield>
   <subfield code="d">2024. november 7.</subfield>
  </datafield>
  <datafield tag="856" ind1="4" ind2="0">
   <subfield code="u">http://acta.bibl.u-szeged.hu/85994/1/30_eves_az_eetk_2024_045-052.pdf</subfield>
   <subfield code="z">Dokumentum-elérés </subfield>
  </datafield>
 </record>
</collection>
